My Grace is Sufficient for You / (Record no. 5746)

MARC details
000 -LEADER
fixed length control field 00607nam a22002057a 4500
003 - CONTROL NUMBER IDENTIFIER
control field GBCCL
005 - DATE AND TIME OF LATEST TRANSACTION
control field 20241126110549.0
008 - FIXED-LENGTH DATA ELEMENTS--GENERAL INFORMATION
fixed length control field 180405b ||||| |||| 00| 0 eng d
040 ## - CATALOGING SOURCE
Transcribing agency gbc
082 ## - DEWEY DECIMAL CLASSIFICATION NUMBER
Classification number 248.246
Item number NAA
100 ## - MAIN ENTRY--PERSONAL NAME
Personal name Naaman, Ghulam Masih
9 (RLIN) 10377
245 ## - TITLE STATEMENT
Title My Grace is Sufficient for You /
Statement of responsibility, etc. Ghulam Masih Naaman
250 ## - EDITION STATEMENT
Edition statement Rev. Ed.
260 ## - PUBLICATION, DISTRIBUTION, ETC.
Place of publication, distribution, etc. Switzerland:
Name of publisher, distributor, etc. The Good Way,
Date of publication, distribution, etc. 1998
300 ## - PHYSICAL DESCRIPTION
Extent 127 p.;
Dimensions 16 cm.
650 ## - SUBJECT ADDED ENTRY--TOPICAL TERM
Topical term or geographic name entry element Naaman, Ghulam Masih
9 (RLIN) 10377
650 ## - SUBJECT ADDED ENTRY--TOPICAL TERM
Topical term or geographic name entry element Christian converts from Islam
9 (RLIN) 10264
650 ## - SUBJECT ADDED ENTRY--TOPICAL TERM
Topical term or geographic name entry element Christianity and other religions
Form subdivision Islam
9 (RLIN) 10265
942 ## - ADDED ENTRY ELEMENTS (KOHA)
Source of classification or shelving scheme Dewey Decimal Classification
Koha item type Books
Holdings
Withdrawn status Lost status Source of classification or shelving scheme Damaged status Not for loan Home library Current Library Shelving location Date acquired Total checkouts Full call number Barcode Date last seen Copy number Price effective from Koha item type
    Dewey Decimal Classification     GRACE BIBLE COLLEGE GRACE BIBLE COLLEGE Ministry & Mission 2018-04-05   248.246 NAA 005655 2025-05-01 c.2 2018-04-05 Books
    Dewey Decimal Classification     GRACE BIBLE COLLEGE GRACE BIBLE COLLEGE Ministry & Mission 2018-04-05   248.246 NAA 005654 2025-05-01 c.1 2018-04-05 Books
© Grace Bible College Library 2025